书目信息 |
| 题名: |
医疗文书书写规范与病案管理
|
|
| 作者: | 徐书珍 , 马海燕 主编 | |
| 分册: | ||
| 出版信息: | 北京 军事医学科学出版社 2007 |
|
| 页数: | 411页 | |
| 开本: | 24cm | |
| 丛书名: | ||
| 单 册: | ||
| 中图分类: | R197.323 | |
| 科图分类: | ||
| 主题词: | 病案--书写规则 , 病案--管理 , 书写规则 | |
| 电子资源: | ||
| ISBN: | 978-7-80121-851-3 | |
| 000 | 01084nam0 2200253 45 | |
| 005 | 20100303151614.15 | |
| 010 | @a978-7-80121-851-3@dCNY48.00 | |
| 100 | @a20100106e20082007em y0chiy0110 ea | |
| 101 | 0 | @achi |
| 102 | @aCN@b110000 | |
| 105 | @ay z 000yy | |
| 106 | @ar | |
| 200 | 1 | @a医疗文书书写规范与病案管理@AYi Liao Wen Shu Shu Xie Gui Fan Yu Bing An Guan Li@f徐书珍,马海燕主编@FXu Shu Zhen, Ma Hai Yan Zhu Bian |
| 210 | @a北京@c军事医学科学出版社@d2007@h2008 | |
| 215 | @a411页@d24cm | |
| 330 | @a本书主要内容包括:病历、病案的历史;各科门急诊病历、住院病历、入院记录、各专科记录及病程记录的书写要求及典型示例;手术科室相关记录书写要求及示例,各种通知单、申请单、报告单的书写要求及示例;处方、医嘱、护理文书的书写要求及示例;各种知情同意书及医学鉴定书的书写要求,病案管理的具体规定,以及医疗文书考评方法等。 | |
| 606 | 0 | @a病案@x书写规则 |
| 606 | 0 | @a病案@x管理 |
| 606 | 0 | @a书写规则 |
| 690 | @aR197.323@v4 | |
| 701 | 0 | @a徐书珍@AXu Shu Zhen@4主编 |
| 701 | 0 | @a马海燕@AMa Hai Yan@4主编 |
| 801 | 0 | @aCN@bTANGWEI@c20100303 |
| 905 | @b0583798-802@dR197.323@e177@f5 | |
| 医疗文书书写规范与病案管理/徐书珍,马海燕主编.-北京:军事医学科学出版社,2007(2008) |
| 411页;24cm |
| ISBN 978-7-80121-851-3:CNY48.00 |
| 本书主要内容包括:病历、病案的历史;各科门急诊病历、住院病历、入院记录、各专科记录及病程记录的书写要求及典型示例;手术科室相关记录书写要求及示例,各种通知单、申请单、报告单的书写要求及示例;处方、医嘱、护理文书的书写要求及示例;各种知情同意书及医学鉴定书的书写要求,病案管理的具体规定,以及医疗文书考评方法等。 |
| ● |
| 相关链接 |
|
|
|
|
正题名:医疗文书书写规范与病案管理
索取号:R197.323/177
 
预约/预借
| 序号 | 登录号 | 条形码 | 馆藏地/架位号 | 状态 | 备注 |
| 1 | 0583798 | 205837987 | 第二样本阅览室/ [索取号:R197.323/177] | 在馆 | |
| 2 | 0583799 | 205837996 | 第三借阅区/ [索取号:R197.323/177] | 在馆 | |
| 3 | 0583800 | 205838003 | 教育系资料室/ [索取号:R197.323/177] | 在馆 | |
| 4 | 0583801 | 205838012 | 教育系资料室/ [索取号:R197.323/177] | 在馆 | |
| 5 | 0583802 | 205838021 | 第三借阅区/ [索取号:R197.323/177] | 在馆 |